[Event "Madrid-chT 2122"]
[Site "Madrid"]
[Date "2022.01.23"]
[Round "6.3"]
[White "Alfaya Marcelo, Roberto"]
[Black "Hidalgo Duque, Carlos"]
[Result "1-0"]
[WhiteElo "2207"]
[BlackElo "2274"]
[PlyCount "77"]
[EventDate "2021.11.27"]
[EventType "team-tourn"]
[EventRounds "14"]
[EventCountry "ESP"]
[SourceTitle "Ajedrez en Madrid"]
[Source "lmi"]
[SourceDate "2021.11.28"]
[SourceVersion "1"]
[SourceVersionDate "2022.03.28"]
[SourceQuality "1"]
[WhiteTeam "San Sebastian de los Reyes"]
[BlackTeam "Blanco y Negro"]
[WhiteTeamCountry "ESP"]
[BlackTeamCountry "ESP"]

1. c4 c6 2. Nc3 d5 3. d4 Nf6 4. Nf3 e6 5. cxd5 exd5 6. Qc2 g6 7. Bg5 Be7 8. e3
Bf5 9. Bd3 Bxd3 10. Qxd3 Nbd7 11. O-O O-O 12. Rab1 a5 13. Rfc1 Ne4 14. Bh6 Re8
15. Nxe4 dxe4 16. Qxe4 Bd6 17. Qh4 Qxh4 18. Nxh4 f6 19. g3 g5 20. Nf3 Kf7 21.
h4 Kg6 22. hxg5 Bc7 23. Kg2 Bd8 24. Rh1 fxg5 25. Rh2 a4 26. Rbh1 Bf6 27. g4 Ra5
28. Kg3 Rb5 29. Bxg5 Bxg5 30. Nxg5 Nf6 31. Nf3 Rxb2 32. Ne5+ Kg7 33. g5 Ne4+
34. Kf4 Nxf2 35. Rxh7+ Kf8 36. Nd7+ Kg8 37. Nf6+ Kf8 38. Rh8+ Kf7 39. R1h7+ 1-0

[Event "Madrid-chT 2122"]
[Site "Madrid"]
[Date "2022.01.23"]
[Round "6.4"]
[White "Balbuena Fuentes, Mario"]
[Black "Martinez Fernandez, Raul"]
[Result "1/2-1/2"]
[WhiteElo "2240"]
[BlackElo "2220"]
[PlyCount "63"]
[EventDate "2021.11.27"]
[EventType "team-tourn"]
[EventRounds "14"]
[EventCountry "ESP"]
[SourceTitle "Ajedrez en Madrid"]
[Source "lmi"]
[SourceDate "2021.11.28"]
[SourceVersion "1"]
[SourceVersionDate "2022.03.28"]
[SourceQuality "1"]
[WhiteTeam "Blanco y Negro"]
[BlackTeam "San Sebastian de los Reyes"]
[WhiteTeamCountry "ESP"]
[BlackTeamCountry "ESP"]

1. e4 e5 2. Nf3 Nc6 3. Bb5 a6 4. Ba4 Nf6 5. O-O b5 6. Bb3 Bc5 7. c3 d6 8. d4
Bb6 9. a4 Bg4 10. h3 Bxf3 11. Qxf3 exd4 12. axb5 Ne5 13. Qd1 d3 14. bxa6 Nxe4
15. Nd2 Ng3 16. Nc4 Nxc4 17. Bxc4 O-O 18. Bd5 Nxf1 19. Qxf1 Ra7 20. Qxd3 Qe8
21. Be3 Bxe3 22. Qxe3 Qxe3 23. fxe3 Rb8 24. Bb7 Kf8 25. b4 Rbxb7 26. axb7 Rxb7
27. Ra8+ Ke7 28. Rc8 h5 29. Kf2 Kd7 30. Rf8 Ke7 31. Rc8 Kd7 32. Rf8 1/2-1/2

[Event "Madrid-chT 2122"]
[Site "Madrid"]
[Date "2022.01.23"]
[Round "6.5"]
[White "Hernandez Ramos, David"]
[Black "Ortega Palacios, Alejandro"]
[Result "1-0"]
[WhiteElo "2121"]
[BlackElo "1737"]
[PlyCount "115"]
[EventDate "2021.11.27"]
[EventType "team-tourn"]
[EventRounds "14"]
[EventCountry "ESP"]
[SourceTitle "Ajedrez en Madrid"]
[Source "lmi"]
[SourceDate "2021.11.28"]
[SourceVersion "1"]
[SourceVersionDate "2022.03.28"]
[SourceQuality "1"]
[WhiteTeam "San Sebastian de los Reyes"]
[BlackTeam "Blanco y Negro"]
[WhiteTeamCountry "ESP"]
[BlackTeamCountry "ESP"]

1. d4 Nf6 2. c4 g6 3. Nc3 Bg7 4. e4 d6 5. h3 O-O 6. Be3 e5 7. d5 a5 8. g4 Na6
9. Bd3 c6 10. Nge2 Nd7 11. Ng3 Ndc5 12. Rc1 Qh4 13. Bb1 Bh6 14. Bxh6 Qxh6 15.
Qd2 Qxd2+ 16. Kxd2 Nc7 17. Rhg1 Rb8 18. Bd3 Nxd3 19. Kxd3 Na6 20. Ke3 Bd7 21.
Rgd1 c5 22. Rg1 b5 23. cxb5 Bxb5 24. b3 Bd7 25. Nf1 Rfc8 26. Nd2 Be8 27. Nc4
Rd8 28. Nxa5 Nb4 29. Nc4 Bb5 30. Nxb5 Rxb5 31. a3 Na6 32. Rc3 Kf8 33. Rb1 Ke7
34. a4 Rb4 35. Na5 Nb8 36. Rc4 Rc8 37. Rbc1 Rb6 38. b4 Na6 39. b5 Nc7 40. g5
Kd7 41. Rf1 f5 42. gxf6 Rf8 43. Rc2 Rxf6 44. Rb1 Rf4 45. Nc6 Rh4 46. Rcb2 Rxh3+
47. f3 g5 48. a5 Rb7 49. b6 Na6 50. Rg1 h6 51. Rgg2 Kc8 52. Rh2 Rxh2 53. Rxh2
Rh7 54. Kd3 Kb7 55. Kc4 Nb4 56. Kb5 Rh8 57. a6+ Nxa6 58. Na5+ 1-0

[Event "Madrid-chT 2122"]
[Site "Madrid"]
[Date "2022.01.23"]
[Round "6.6"]
[White "Beltran Rabang, Renz Kyril"]
[Black "Santamaria Farran, Pablo"]
[Result "0-1"]
[WhiteElo "1666"]
[BlackElo "1693"]
[PlyCount "76"]
[EventDate "2021.11.27"]
[EventType "team-tourn"]
[EventRounds "14"]
[EventCountry "ESP"]
[SourceTitle "Ajedrez en Madrid"]
[Source "lmi"]
[SourceDate "2021.11.28"]
[SourceVersion "1"]
[SourceVersionDate "2022.03.28"]
[SourceQuality "1"]
[WhiteTeam "Blanco y Negro"]
[BlackTeam "San Sebastian de los Reyes"]
[WhiteTeamCountry "ESP"]
[BlackTeamCountry "ESP"]

1. c4 c5 2. Nc3 Nc6 3. g3 g6 4. Bg2 Bg7 5. e4 e5 6. Nge2 Nge7 7. d3 d6 8. O-O
O-O 9. a3 Rb8 10. Rb1 Nd4 11. b4 Nxe2+ 12. Nxe2 cxb4 13. axb4 b5 14. Be3 a6 15.
Nc3 Bd7 16. c5 Be6 17. d4 exd4 18. Bxd4 Bxd4 19. Qxd4 dxc5 20. Qxc5 Rc8 21. Qe3
Rc4 22. Nd5 Qc8 23. Rfd1 Bxd5 24. exd5 Nf5 25. Qb6 Rd8 26. d6 Rd7 27. Ra1 Rxb4
28. Rxa6 Ra4 29. Rxa4 bxa4 30. g4 Qc2 31. Rd5 Qc1+ 32. Bf1 Nh4 33. Qd4 a3 34.
Qf6 a2 35. Ra5 Nf3+ 36. Kg2 Ne1+ 37. Kg3 Qc6 38. Re5 Rxd6 0-1

[Event "Madrid-chT 2122"]
[Site "Madrid"]
[Date "2022.01.23"]
[Round "6.1"]
[White "Vazquez Igarza, Renier"]
[Black "Ingunza Curro, Andres"]
[Result "1-0"]
[WhiteElo "2528"]
[BlackElo "2383"]
[PlyCount "109"]
[EventDate "2021.11.27"]
[EventType "team-tourn"]
[EventRounds "14"]
[EventCountry "ESP"]
[SourceTitle "Ajedrez en Madrid"]
[Source "lmi"]
[SourceDate "2021.11.28"]
[SourceVersion "1"]
[SourceVersionDate "2022.03.28"]
[SourceQuality "1"]
[WhiteTeam "Collado Villalba"]
[BlackTeam "Tajamar"]
[WhiteTeamCountry "ESP"]
[BlackTeamCountry "ESP"]

1. Nf3 Nf6 2. c4 e6 3. Nc3 d5 4. d4 Be7 5. Bg5 h6 6. Bh4 O-O 7. e3 b6 8. Rb1 a5
9. Be2 Bb7 10. Rc1 Ne4 11. Bxe7 Qxe7 12. O-O c5 13. cxd5 exd5 14. Na4 Qd6 15.
dxc5 bxc5 16. Bd3 Qe7 17. Nb6 Ra7 18. Qc2 Na6 19. a3 Qe6 20. Na4 Rc8 21. Bxe4
dxe4 22. Nd2 c4 23. Rfd1 c3 24. Nb3 cxb2 25. Qxb2 Qe8 26. Qd4 Raa8 27. Nb6 Rd8
28. Qc3 Rxd1+ 29. Rxd1 Rd8 30. Nd4 Qb5 31. Nc4 Qa4 32. Rc1 Kh7 33. Qxa5 Qxa5
34. Nxa5 Bd5 35. Nac6 Rd7 36. Nb4 Nxb4 37. axb4 Ra7 38. h4 Ra2 39. Rc5 Ba8 40.
Ra5 Rxa5 41. bxa5 Kg6 42. Nb5 Kf6 43. Nc7 Bc6 44. a6 Ke7 45. a7 Kd7 46. a8=Q
Bxa8 47. Nxa8 Kc6 48. Kh2 g5 49. Kg3 f5 50. hxg5 hxg5 51. f3 exf3 52. Kxf3 Kb7
53. g4 fxg4+ 54. Kxg4 Kxa8 55. Kxg5 1-0

[Event "Madrid-chT 2122"]
[Site "Madrid"]
[Date "2022.01.23"]
[Round "6.2"]
[White "Elissalt Cardenas, Hector"]
[Black "Pulvett Marin, Daniel Eduardo"]
[Result "0-1"]
[WhiteElo "2287"]
[BlackElo "2497"]
[PlyCount "100"]
[EventDate "2021.11.27"]
[EventType "team-tourn"]
[EventRounds "14"]
[EventCountry "ESP"]
[SourceTitle "Ajedrez en Madrid"]
[Source "lmi"]
[SourceDate "2021.11.28"]
[SourceVersion "1"]
[SourceVersionDate "2022.03.28"]
[SourceQuality "1"]
[WhiteTeam "Tajamar"]
[BlackTeam "Collado Villalba"]
[WhiteTeamCountry "ESP"]
[BlackTeamCountry "ESP"]

1. Nf3 Nf6 2. g3 g6 3. Bg2 Bg7 4. d4 O-O 5. O-O d6 6. Re1 c5 7. dxc5 dxc5 8.
Qxd8 Rxd8 9. Ne5 Na6 10. c3 Nd5 11. Nc4 Be6 12. a4 Nxc3 13. Nxc3 Bxc4 14. Bxb7
Rab8 15. Bxa6 Bxa6 16. Nb5 Rd7 17. Nc3 f5 18. a5 Rb3 19. Na4 Rd5 20. Be3 c4 21.
Bxa7 Rxa5 22. Nc5 Rbb5 23. Nxa6 Bxb2 24. Rxa5 Rxa5 25. Nb4 Rxa7 26. Rb1 c3 27.
Nd3 Ra1 28. Rxa1 Bxa1 29. Nb4 Bb2 30. Kg2 Ba3 31. Nc2 Bc5 32. f4 e5 33. fxe5
Kf7 34. Kf3 Ke6 35. Kf4 Kd5 36. h4 Kc4 37. e6 Kd5 38. h5 Bd6+ 39. Kg5 Be7+ 40.
Kh6 gxh5 41. Kxh5 Kxe6 42. g4 f4 43. Kh6 Ke5 44. Kxh7 Ke4 45. Kg6 f3 46. exf3+
Kd3 47. Na1 Ba3 48. Kf5 Bb2 49. Nb3 c2 50. Nc5+ Kc4 0-1

[Event "Madrid-chT 2122"]
[Site "Madrid"]
[Date "2022.01.23"]
[Round "6.3"]
[White "Martin Duque, Jesus"]
[Black "Mkrtchyan, Levon"]
[Result "1-0"]
[WhiteElo "2406"]
[BlackElo "2284"]
[PlyCount "85"]
[EventDate "2021.11.27"]
[EventType "team-tourn"]
[EventRounds "14"]
[EventCountry "ESP"]
[SourceTitle "Ajedrez en Madrid"]
[Source "lmi"]
[SourceDate "2021.11.28"]
[SourceVersion "1"]
[SourceVersionDate "2022.03.28"]
[SourceQuality "1"]
[WhiteTeam "Collado Villalba"]
[BlackTeam "Tajamar"]
[WhiteTeamCountry "ESP"]
[BlackTeamCountry "ESP"]

1. d4 e6 2. Nf3 d5 3. c4 Nf6 4. Nc3 Be7 5. g3 O-O 6. Bg2 b6 7. cxd5 exd5 8. O-O
Bb7 9. b3 c5 10. Bb2 Nc6 11. dxc5 bxc5 12. Rc1 Rc8 13. Na4 Ne4 14. Nd2 Nb4 15.
a3 Na6 16. Nxe4 dxe4 17. Qc2 f5 18. Rfd1 Qe8 19. e3 c4 20. Bf1 Kh8 21. Bxc4 Bf6
22. Bxf6 Rxf6 23. Qd2 Nb8 24. Bb5 Bc6 25. Be2 Bxa4 26. bxa4 Rf8 27. Bb5 Qe7 28.
Rxc8 Rxc8 29. Qd5 g6 30. h4 Kg7 31. h5 Kh6 32. hxg6 hxg6 33. Kg2 Kg5 34. Qd4 a6
35. Be2 Nc6 36. Qc3 a5 37. Bb5 Qe5 38. Qe1 Ne7 39. Qxa5 Rc2 40. Qd8 Kg4 41. Rd2
Rc1 42. Be2+ Kg5 43. Rd7 1-0

[Event "Madrid-chT 2122"]
[Site "Madrid"]
[Date "2022.01.23"]
[Round "6.4"]
[White "Rodriguez Lopez, David"]
[Black "Quispe Arteaga, Gabriel"]
[Result "0-1"]
[WhiteElo "2147"]
[BlackElo "2390"]
[PlyCount "82"]
[EventDate "2021.11.27"]
[EventType "team-tourn"]
[EventRounds "14"]
[EventCountry "ESP"]
[SourceTitle "Ajedrez en Madrid"]
[Source "lmi"]
[SourceDate "2021.11.28"]
[SourceVersion "1"]
[SourceVersionDate "2022.03.28"]
[SourceQuality "1"]
[WhiteTeam "Tajamar"]
[BlackTeam "Collado Villalba"]
[WhiteTeamCountry "ESP"]
[BlackTeamCountry "ESP"]

1. e4 c5 2. Nf3 d6 3. d4 cxd4 4. Qxd4 Nf6 5. Bb5+ Bd7 6. Bxd7+ Qxd7 7. Nc3 Nc6
8. Qd1 g6 9. O-O Bg7 10. h3 O-O 11. Bf4 Nh5 12. Bh2 Bxc3 13. bxc3 Rfd8 14. Rb1
b6 15. Nd4 Rac8 16. Re1 Nxd4 17. cxd4 Rc4 18. Re2 Rdc8 19. Rd2 Qc6 20. d5 Qc7
21. g4 Nf6 22. f3 Rxc2 23. Rxc2 Qxc2 24. Qxc2 Rxc2 25. Bf4 Nd7 26. Rc1 Rxc1+
27. Bxc1 Ne5 28. Kg2 f5 29. exf5 gxf5 30. g5 Kf7 31. Kg3 Kg6 32. Bd2 Nc4 33.
Bc1 b5 34. h4 Nb6 35. Be3 Nxd5 36. Bxa7 Kh5 37. a3 f4+ 38. Kh3 Ne3 39. Bb6 Nf5
40. Bd8 e5 41. Bc7 Nxh4 0-1

[Event "Madrid-chT 2122"]
[Site "Madrid"]
[Date "2022.01.23"]
[Round "6.5"]
[White "Alonso Garcia, Aaron"]
[Black "Sahuquillo Cruz, Alejandro"]
[Result "1-0"]
[WhiteElo "2345"]
[BlackElo "2021"]
[PlyCount "115"]
[EventDate "2021.11.27"]
[EventType "team-tourn"]
[EventRounds "14"]
[EventCountry "ESP"]
[SourceTitle "Ajedrez en Madrid"]
[Source "lmi"]
[SourceDate "2021.11.28"]
[SourceVersion "1"]
[SourceVersionDate "2022.03.28"]
[SourceQuality "1"]
[WhiteTeam "Collado Villalba"]
[BlackTeam "Tajamar"]
[WhiteTeamCountry "ESP"]
[BlackTeamCountry "ESP"]

1. e4 c5 2. Nf3 Nc6 3. d4 cxd4 4. Nxd4 e5 5. Nb5 d6 6. N1c3 a6 7. Na3 Be7 8.
Nc4 Nf6 9. Bg5 Nd4 10. Bd3 O-O 11. Bxf6 Bxf6 12. Nd5 b5 13. Ncb6 Rb8 14. Nxc8
Qxc8 15. c3 Ne6 16. h4 Bd8 17. g3 a5 18. O-O b4 19. cxb4 axb4 20. Rc1 Qd7 21.
Rc4 Ba5 22. Qg4 Kh8 23. h5 Nc5 24. Qxd7 Nxd7 25. Rfc1 Nb6 26. Rc6 Nxd5 27. exd5
Rfd8 28. Ra6 Bb6 29. Rc6 Bc5 30. g4 Rb7 31. Kg2 g6 32. h6 f6 33. Bc4 f5 34. g5
e4 35. Rxc5 dxc5 36. Kg3 Re7 37. Re6 Rxe6 38. dxe6 Re8 39. Kf4 Kg8 40. Ke5 Kf8
41. Kf6 f4 42. a4 bxa3 43. bxa3 e3 44. fxe3 fxe3 45. a4 Re7 46. a5 Ra7 47. a6
Rc7 48. Bb5 Ra7 49. Be2 Ke8 50. Bc4 Kf8 51. Bb5 c4 52. Bxc4 Rc7 53. Be2 Rc5 54.
e7+ Ke8 55. a7 Rc6+ 56. Ke5 Rc8 57. Kd6 Kf7 58. Kd7 1-0

[Event "Madrid-chT 2122"]
[Site "Madrid"]
[Date "2022.01.23"]
[Round "6.6"]
[White "Martinez Aragon, Aitor"]
[Black "Suarez Uriel, Adrian"]
[Result "0-1"]
[WhiteElo "2009"]
[BlackElo "2352"]
[PlyCount "105"]
[EventDate "2021.11.27"]
[EventType "team-tourn"]
[EventRounds "14"]
[EventCountry "ESP"]
[SourceTitle "Ajedrez en Madrid"]
[Source "lmi"]
[SourceDate "2021.11.28"]
[SourceVersion "1"]
[SourceVersionDate "2022.03.28"]
[SourceQuality "1"]
[WhiteTeam "Tajamar"]
[BlackTeam "Collado Villalba"]
[WhiteTeamCountry "ESP"]
[BlackTeamCountry "ESP"]

1. Nf3 Nf6 2. b3 c5 3. Bb2 e6 4. g3 d5 5. Bg2 Nc6 6. O-O Be7 7. d4 O-O 8. Nbd2
cxd4 9. Nxd4 Qc7 10. Nxc6 bxc6 11. c4 a5 12. e4 Rd8 13. exd5 cxd5 14. cxd5 Nxd5
15. Rc1 Qa7 16. Qg4 Bf6 17. Bxf6 Nxf6 18. Qf3 Rb8 19. Ne4 Nxe4 20. Qxe4 Bb7 21.
Rc7 Bxe4 22. Rxa7 Bxg2 23. Kxg2 Rd5 24. Rc1 g5 25. Rcc7 Rf5 26. Rcb7 Rc8 27.
Rc7 Rd8 28. Rd7 Rxd7 29. Rxd7 Rc5 30. Rb7 h6 31. a4 Kg7 32. Rb5 Rd5 33. Kf3 Kf6
34. Ke4 Rxb5 35. axb5 Ke7 36. b6 Kd7 37. b7 Kc7 38. Ke5 Kxb7 39. Kf6 Kc6 40.
Kxf7 g4 41. Kxe6 Kc5 42. Kf5 h5 43. Kg5 Kb4 44. Kxh5 Kxb3 45. Kxg4 a4 46. f4 a3
47. f5 a2 48. f6 a1=Q 49. Kf5 Kc4 50. Ke6 Qa6+ 51. Ke7 Qb7+ 52. Ke6 Qe4+ 53.
Kd7 0-1

[Event "Madrid-chT 2122"]
[Site "Madrid"]
[Date "2022.01.23"]
[Round "6.1"]
[White "Candela Perez, Jose"]
[Black "Moreno Trujillo, Alejandro"]
[Result "0-1"]
[WhiteElo "2335"]
[BlackElo "2493"]
[PlyCount "84"]
[EventDate "2021.11.27"]
[EventType "team-tourn"]
[EventRounds "14"]
[EventCountry "ESP"]
[SourceTitle "Ajedrez en Madrid"]
[Source "lmi"]
[SourceDate "2021.11.28"]
[SourceVersion "1"]
[SourceVersionDate "2022.03.28"]
[SourceQuality "1"]
[WhiteTeam "Alcala de Henares"]
[BlackTeam "Villalba 64"]
[WhiteTeamCountry "ESP"]
[BlackTeamCountry "ESP"]

1. d4 Nf6 2. c4 e6 3. Nf3 Bb4+ 4. Nbd2 O-O 5. a3 Be7 6. e3 d5 7. Bd3 b6 8. b4
Bb7 9. Bb2 Nbd7 10. Qc2 c5 11. dxc5 bxc5 12. b5 a6 13. a4 dxc4 14. Bxc4 Nb6 15.
Be2 axb5 16. Bxb5 Nfd5 17. O-O Nb4 18. Qb3 Bd5 19. Qd1 Ra7 20. Ne5 f6 21. Nec4
Na8 22. e4 Bc6 23. Bxc6 Nxc6 24. Nf3 Qxd1 25. Rfxd1 Rb8 26. Nfd2 Nb6 27. a5
Nxc4 28. Nxc4 Rb4 29. Rdc1 Nxa5 30. Nxa5 Rxb2 31. Nc6 Rxa1 32. Rxa1 Bd6 33. g3
Rb6 34. Ra8+ Kf7 35. Ra7+ Ke8 36. Na5 Rb1+ 37. Kg2 Ra1 38. Kf3 c4 39. Ke2 Ra2+
40. Kd1 Bc5 41. Ra6 Kf7 42. Kc1 c3 0-1

[Event "Madrid-chT 2122"]
[Site "Madrid"]
[Date "2022.01.23"]
[Round "6.2"]
[White "Valles Moreno, Ivan"]
[Black "Moreno Ibañez, Miguel"]
[Result "1-0"]
[WhiteElo "2393"]
[BlackElo "2268"]
[PlyCount "77"]
[EventDate "2021.11.27"]
[EventType "team-tourn"]
[EventRounds "14"]
[EventCountry "ESP"]
[SourceTitle "Ajedrez en Madrid"]
[Source "lmi"]
[SourceDate "2021.11.28"]
[SourceVersion "1"]
[SourceVersionDate "2022.03.28"]
[SourceQuality "1"]
[WhiteTeam "Villalba 64"]
[BlackTeam "Alcala de Henares"]
[WhiteTeamCountry "ESP"]
[BlackTeamCountry "ESP"]

1. Nf3 c5 2. c4 Nf6 3. Nc3 d5 4. cxd5 Nxd5 5. d4 e6 6. e4 Nxc3 7. bxc3 cxd4 8.
cxd4 Bb4+ 9. Bd2 Bxd2+ 10. Qxd2 O-O 11. Rc1 Nc6 12. Be2 Qd6 13. O-O Bd7 14. Qe3
Rac8 15. h4 Rfd8 16. h5 h6 17. Rfd1 Nb4 18. Qa3 Rxc1 19. Rxc1 Bc6 20. Rc4 Na6
21. Qxd6 Rxd6 22. e5 Rd5 23. Rxc6 bxc6 24. Bxa6 Ra5 25. Bc4 Ra4 26. Nd2 Kf8 27.
Kf1 Rb4 28. Ke2 Ke7 29. Kd3 f6 30. Nb3 fxe5 31. dxe5 Rb8 32. Nd4 Rb2 33. Ne2
Rb1 34. g4 Rd1+ 35. Ke3 c5 36. Nf4 Re1+ 37. Kd3 Rd1+ 38. Kc3 Rc1+ 39. Kb3 1-0

[Event "Madrid-chT 2122"]
[Site "Madrid"]
[Date "2022.01.23"]
[Round "6.3"]
[White "Fernandez Lledo, Javier"]
[Black "Sanchez Gonzalez, Sergio"]
[Result "0-1"]
[WhiteElo "2245"]
[BlackElo "2287"]
[PlyCount "212"]
[EventDate "2021.11.27"]
[EventType "team-tourn"]
[EventRounds "14"]
[EventCountry "ESP"]
[SourceTitle "Ajedrez en Madrid"]
[Source "lmi"]
[SourceDate "2021.11.28"]
[SourceVersion "1"]
[SourceVersionDate "2022.03.28"]
[SourceQuality "1"]
[WhiteTeam "Alcala de Henares"]
[BlackTeam "Villalba 64"]
[WhiteTeamCountry "ESP"]
[BlackTeamCountry "ESP"]

1. Nf3 d5 2. b3 Bg4 3. e3 e5 4. h3 Bxf3 5. Qxf3 Nf6 6. Bb2 Nc6 7. Bb5 Bd6 8. d3
O-O 9. Bxc6 bxc6 10. Nd2 a5 11. a4 Nd7 12. e4 Bb4 13. exd5 cxd5 14. c3 Be7 15.
O-O Bg5 16. Rfd1 Bxd2 17. Rxd2 Nc5 18. Qd1 Qg5 19. Bc1 Rfb8 20. b4 Ne6 21. b5
Qf5 22. Qg4 Qxg4 23. hxg4 Nc5 24. Ra3 c6 25. d4 Ne4 26. Rb2 cxb5 27. dxe5 b4
28. cxb4 axb4 29. Rab3 Rxa4 30. Be3 h6 31. f3 Ng5 32. Bc5 Ne6 33. Rxb4 Rbxb4
34. Bxb4 Ra1+ 35. Kf2 d4 36. Rd2 Rb1 37. Bd6 Rb5 38. g3 g5 39. f4 gxf4 40. gxf4
Nxf4 41. Rxd4 Ne6 42. Rd3 Kg7 43. Re3 Rb7 44. Kg3 Ng5 45. Re2 Ra7 46. Re3 Ra4
47. Be7 Ne4+ 48. Kf3 Nd2+ 49. Ke2 Ne4 50. Kf3 Nd2+ 51. Ke2 Nc4 52. Bf6+ Kg6 53.
Rc3 Nb6 54. Rc6 Nd5 55. Bd8+ Kg7 56. g5 hxg5 57. Bxg5 Re4+ 58. Kf3 Rxe5 59.
Bh6+ Kh7 60. Bd2 f6 61. Rd6 Kg6 62. Bc1 Rf5+ 63. Kg3 Nc3 64. Re6 Na4 65. Be3
Rd5 66. Re4 Nc3 67. Rg4+ Kf5 68. Rf4+ Ke5 69. Rf3 Ne4+ 70. Kg2 f5 71. Bf4+ Kf6
72. Ra3 Nc5 73. Ra5 Ne6 74. Ra6 Rd4 75. Be3 Rd5 76. Kf3 Ke5 77. Ra4 Rb5 78. Ra6
Rb3 79. Ra5+ Kf6 80. Ke2 f4 81. Bxf4 Nxf4+ 82. Kd2 Ke6 83. Kc2 Re3 84. Kd2 Re2+
85. Kc3 Nd5+ 86. Kd3 Rf2 87. Ra8 Rf3+ 88. Ke2 Re3+ 89. Kf2 Rb3 90. Re8+ Kf5 91.
Rf8+ Nf6 92. Ke2 Ke5 93. Rh8 Kd4 94. Rd8+ Ke4 95. Kd2 Nd5 96. Kc2 Rg3 97. Re8+
Kd4 98. Rd8 Rg7 99. Kb2 Rb7+ 100. Kc2 Rb6 101. Rd7 Rb8 102. Rd6 Rh8 103. Rd7
Kc4 104. Rg7 Rh2+ 105. Kd1 Kd3 106. Kc1 Rc2+ 0-1

[Event "Madrid-chT 2122"]
[Site "Madrid"]
[Date "2022.01.23"]
[Round "6.4"]
[White "Garcia Luengo, Leandro"]
[Black "Palenciano Escolar, Adrian"]
[Result "1/2-1/2"]
[WhiteElo "2279"]
[BlackElo "2127"]
[PlyCount "46"]
[EventDate "2021.11.27"]
[EventType "team-tourn"]
[EventRounds "14"]
[EventCountry "ESP"]
[SourceTitle "Ajedrez en Madrid"]
[Source "lmi"]
[SourceDate "2021.11.28"]
[SourceVersion "1"]
[SourceVersionDate "2022.03.28"]
[SourceQuality "1"]
[WhiteTeam "Villalba 64"]
[BlackTeam "Alcala de Henares"]
[WhiteTeamCountry "ESP"]
[BlackTeamCountry "ESP"]

1. e4 c5 2. Nc3 d6 3. f4 g6 4. d4 Nd7 5. Nf3 Bg7 6. d5 a6 7. a4 Nh6 8. Bd3 O-O
9. O-O Qa5 10. Bd2 c4 11. Be2 Qc5+ 12. Kh1 Ng4 13. Qc1 Ndf6 14. b4 cxb3 15.
cxb3 Bd7 16. Bd3 Rac8 17. h3 Nf2+ 18. Rxf2 Qxf2 19. Be3 Qg3 20. Ne2 Rxc1+ 21.
Rxc1 Qxf3 22. gxf3 Rc8 23. Rxc8+ Bxc8 1/2-1/2

[Event "Madrid-chT 2122"]
[Site "Madrid"]
[Date "2022.01.23"]
[Round "6.5"]
[White "Cubillo Muñoz, Miguel"]
[Black "Lopez del Alamo, Antonio"]
[Result "1-0"]
[WhiteElo "2125"]
[BlackElo "2265"]
[PlyCount "55"]
[EventDate "2021.11.27"]
[EventType "team-tourn"]
[EventRounds "14"]
[EventCountry "ESP"]
[SourceTitle "Ajedrez en Madrid"]
[Source "lmi"]
[SourceDate "2021.11.28"]
[SourceVersion "1"]
[SourceVersionDate "2022.03.28"]
[SourceQuality "1"]
[WhiteTeam "Alcala de Henares"]
[BlackTeam "Villalba 64"]
[WhiteTeamCountry "ESP"]
[BlackTeamCountry "ESP"]

1. e4 c5 2. Nf3 e6 3. b3 d6 4. Bb2 Nf6 5. e5 dxe5 6. Nxe5 Nbd7 7. f4 Bd6 8. Na3
O-O 9. Bd3 Re8 10. Nac4 Bf8 11. a4 Nb6 12. Qf3 Nbd5 13. O-O-O Nb4 14. Be2 Qd5
15. Qf2 Qe4 16. Ne3 Nbd5 17. Rhf1 Qb4 18. N3c4 b5 19. Nd3 bxc4 20. Nxb4 Nxb4
21. Bxc4 Bb7 22. Rde1 Bd6 23. Qh4 a6 24. Bd3 Be7 25. g4 g6 26. Qh3 Rac8 27. f5
Bd8 28. fxe6 1-0

[Event "Madrid-chT 2122"]
[Site "Madrid"]
[Date "2022.01.23"]
[Round "6.6"]
[White "Gutierrez Diaz, Pablo"]
[Black "Yañez Rodriguez, Wilbert"]
[Result "0-1"]
[WhiteElo "1911"]
[BlackElo "2118"]
[PlyCount "92"]
[EventDate "2021.11.27"]
[EventType "team-tourn"]
[EventRounds "14"]
[EventCountry "ESP"]
[SourceTitle "Ajedrez en Madrid"]
[Source "lmi"]
[SourceDate "2021.11.28"]
[SourceVersion "1"]
[SourceVersionDate "2022.03.28"]
[SourceQuality "1"]
[WhiteTeam "Villalba 64"]
[BlackTeam "Alcala de Henares"]
[WhiteTeamCountry "ESP"]
[BlackTeamCountry "ESP"]

1. e4 c5 2. Nf3 g6 3. c4 Bg7 4. d4 cxd4 5. Nxd4 Nc6 6. Be3 d6 7. Be2 Nh6 8. Qd2
Ng4 9. Bxg4 Bxg4 10. O-O O-O 11. Na3 a6 12. Rab1 Nxd4 13. Bxd4 Bxd4 14. Qxd4
Qa5 15. Rfc1 Rfc8 16. Qd5 Qxd5 17. cxd5 Be2 18. f3 a5 19. Re1 Ba6 20. Rbc1 Kf8
21. Kf2 e5 22. Ke3 f5 23. b3 b5 24. exf5 gxf5 25. f4 Ke7 26. g4 b4 27. Nb1 fxg4
28. Ke4 Kf6 29. fxe5+ dxe5 30. Nd2 Rxc1 31. Rxc1 Rc8 32. Rxc8 Bxc8 33. Nc4 Bf5+
34. Ke3 Bb1 35. Nxa5 h5 36. Nc6 Bxa2 37. Nxb4 Bxb3 38. Ke4 Bd1 39. Ke3 Bf3 40.
h3 Ke7 41. hxg4 hxg4 42. Kf2 Kd6 43. Kg3 Kc5 44. Nc2 Kxd5 45. Ne3+ Ke4 46. Nf5
Kxf5 0-1

[Event "Madrid-chT 2122"]
[Site "Madrid"]
[Date "2022.01.29"]
[Round "7.1"]
[White "Khamrakulov, Ibragim S"]
[Black "Espinosa Aranda, Angel"]
[Result "1/2-1/2"]
[WhiteElo "2417"]
[BlackElo "2450"]
[PlyCount "37"]
[EventDate "2021.11.27"]
[EventType "team-tourn"]
[EventRounds "14"]
[EventCountry "ESP"]
[SourceTitle "Ajedrez en Madrid"]
[Source "lmi"]
[SourceDate "2021.11.28"]
[SourceVersion "1"]
[SourceVersionDate "2022.03.28"]
[SourceQuality "1"]
[WhiteTeam "Villalba 64"]
[BlackTeam "Virgen de Atocha"]
[WhiteTeamCountry "ESP"]
[BlackTeamCountry "ESP"]

1. e4 c5 2. c3 Nf6 3. e5 Nd5 4. Bc4 e6 5. Nf3 d6 6. d4 cxd4 7. cxd4 Be7 8. O-O
O-O 9. Qe2 Bd7 10. Nc3 Nxc3 11. bxc3 Bc6 12. exd6 Bxd6 13. Ne5 Nd7 14. f4 Rc8
15. Bd2 Bd5 16. Bd3 Nb6 17. f5 Bxe5 18. Qxe5 f6 19. Qe2 1/2-1/2